[Event "RUS-chT 12th"]
[Site "Sochi"]
[Date "2005.04.20"]
[Round "2"]
[White "Fedorov, Alexei"]
[Black "Glek, Igor Vladimirovich"]
[Result "1/2-1/2"]
[WhiteElo "2602"]
[BlackElo "2597"]
[Annotator "Finkel,A"]
[PlyCount "110"]
[EventDate "2005.04.19"]
[EventType "team-tourn"]
[EventRounds "11"]
[EventCountry "RUS"]
[SourceTitle "EXT 2020"]
[Source "ChessBase"]
[SourceDate "2019.10.17"]
[SourceVersion "1"]
[SourceVersionDate "2019.10.17"]
[SourceQuality "1"]
[WhiteTeam "Samara Yunilain"]
[BlackTeam "Moscow Youth of"]
[WhiteTeamCountry "RUS"]
[BlackTeamCountry "RUS"]

1. e4 e6 2. d4 d5 3. Nc3 Nf6 4. e5 Nfd7 5. f4 c5 6. Nf3 Nc6 7. Be3 cxd4 8. Nxd4
Bc5 9. Qd2 Nxd4 10. Bxd4 Bxd4 11. Qxd4 Qb6 12. Nb5 {This move is less popualr
than 12.Qxb6, but as the following game shows White is able to pose Black a
few problems.} (12. O-O-O Qxd4 13. Rxd4 Ke7 14. h4 h5 15. Be2 Nb8 16. Rd2 $14 {
Dreev-Bareev/1986/}) (12. Qxb6) 12... Qxd4 13. Nxd4 Ke7 (13... Nb6 14. O-O-O {
0,5/Felsberger,A-Zier,L/Wien op/1986/}) (13... Nc5 14. Bd3 Bd7 15. O-O-O h5 16.
Rhf1 g6 17. Be2 Ke7 18. Bf3 Rac8 19. b3 $14 {Gurevich,V-Reichenbach,W/Berlin
summer op/1993/}) 14. h4 $5 {[%cal Gh1h3,Gh3c3] I believe this move is more
flexible than 14.Bd3 since black has to deal with the possibility of Rh3-c3.} (
14. Bd3 Nc5 (14... h5 15. Kd2 g6 16. g3 a6 17. h3 Nb6 18. b3 $14 {Kamsky,
G-Held,T/Bern op/1990/}) 15. Ke2 Bd7 16. Ke3 f6 17. Nf3 Rac8 $10 {Roese,
O-Borngaesser,R/BL/1986/}) (14. g3 Nb8 15. Kd2 Bd7 16. Bd3 Nc6 17. Nf3 h6 18.
h4 h5 $10 {Short,N-Chernin,A/Montpellier ct/1985/}) 14... Nb8 (14... h5 15. Rh3
a6 (15... Nb6 $6 16. a4 $5 (16. Rc3 Bd7 17. Rc7 Rab8 $10 {[%cal Gh8c8]}) 16...
Bd7 17. a5 Na4 18. b3 Nc5 19. b4 $14) 16. Rc3 Ra7 17. b4 f6 18. Rc7 fxe5 19.
fxe5 Ra8 20. c4 $14 {Gofshtein,L-Chernin,A/Brno 1993}) 15. h5 Nc6 16. Nf3 h6
17. Kd2 Bd7 18. Bd3 Rhc8 ({In the games piayed in this position before Black
tried} 18... f6 $5 {but didn't succeed to equalize} 19. Rae1 Rhf8 20. g3 fxe5
21. Nxe5 Nxe5 22. Rxe5 Rac8 23. Ke3 $14 {Hellers,F-Andersson,U/Malmo 1994}) 19.
Rae1 (19. g4 $5 f6 20. Rae1 Rc7 21. exf6+ gxf6 22. g5 fxg5 23. fxg5 Rf8 24.
Rhf1 $14) 19... Rc7 20. c3 a6 21. Rh4 $1 {[%csl Gf4][%cal Gg2g5,Ge1g1]
Multiple purpose move. White's plan is to push g5 and to penetrate on the
g-file, so he might need to double the rooks later on. In addition to it, in
some of the lines the pawn on f4 must be protected.} (21. g4) 21... Rac8 22. a3
Kf8 23. g4 Ne7 24. g5 $16 Bb5 25. Bb1 Rc4 26. gxh6 gxh6 27. Rg1 ({Another
promising possibility was} 27. Nd4 Bd7 28. Rg1 Nc6 29. Nxc6 R8xc6 30. Bd3 Ra4
31. Rhg4 $16 {[%csl Rh6] with much better chances in the arising endgame.})
27... Nc6 28. Rhg4 Ke7 29. f5 (29. Ke3) 29... exf5 30. Bxf5 Rd8 31. Rxc4 $6 {
Giving up a major part of the advantage just when White was so close to get
the decisive advatage. After the correct} (31. b3 $1 Rxg4 32. Rxg4 {[%csl Rb5]
[%cal Ga3a4]} a5 33. Rg7 {[%csl Rh6]} Rh8 34. e6 Nd8 35. exf7 $18 {[%cal Gf3e5,
Ge5g6] Black is in deep trouble.}) 31... dxc4+ 32. Ke3 Rd5 33. Ke4 Rc5 $1 {
[%csl Rb2,Re5]} 34. Rd1 (34. Rg7 Kf8 35. Rh7 Ne7 36. Nd4 Bc6+ 37. Nxc6 (37. Kf4
Nd5+ 38. Kg3 Ne7 39. Rxh6 Rxe5 40. Kf4 Re1 $14) 37... Rxc6 38. Rh8+ Kg7 39. Rd8
Rb6 $14) 34... Nd8 35. Nd4 Nc6 36. Nf3 Nd8 37. Kf4 Be8 38. Rd6 Ne6+ 39. Bxe6
fxe6 40. Nd4 Bd7 (40... Bf7 41. a4 Rc8 42. Rb6 Rc7 43. a5 Kd7 $14) 41. Rb6 Bc8
42. Nc2 Rc7 43. Ne3 Bd7 44. Ng4 Be8 45. Nf6 Bc6 46. Ng8+ Kf8 47. Nxh6 Rh7 48.
Kg5 Rg7+ 49. Kf6 Rh7 50. Ng4 Rf7+ 51. Kg5 Rf5+ 52. Kh4 (52. Kh6 $2 Bf3 53. Ne3
(53. Nf6 $2 Kf7 $19 {[%csl Rh6]}) 53... Rxh5+ 54. Kg6 Rxe5 55. Nxc4 Re1 $11)
52... Kg7 53. b3 (53. Rb4 Bd5) 53... cxb3 54. Rxb3 b5 55. Rb4 Bf3 $11 1/2-1/2

[Event "New York Generation"]
[Site "New York"]
[Date "2003.04.30"]
[Round "7"]
[White "Ehlvest, Jaan"]
[Black "Akobian, Varuzhan"]
[Result "1/2-1/2"]
[WhiteElo "2587"]
[BlackElo "2547"]
[Annotator "Finkel,A"]
[PlyCount "101"]
[EventDate "2003.04.23"]
[EventType "tourn"]
[EventRounds "9"]
[EventCountry "USA"]
[EventCategory "10"]
[SourceTitle "CBM 095"]
[Source "ChessBase"]
[SourceDate "2003.07.25"]
[SourceVersion "1"]
[SourceVersionDate "2003.07.25"]
[SourceQuality "1"]

1. e4 e6 2. d4 d5 3. Nc3 Nf6 4. e5 Nfd7 5. Nce2 c5 6. c3 Nc6 7. f4 f5 $5 {
At the first hand look this move appears to be not logical, since black is
supposed to play against white's center. However a deeper look at the position
reveals positive sides of black's plan. White's main idea is to attack on the
kingisde, so black is taking measures to suppress white's attack.} 8. Nf3 Be7
9. Kf2 {The center is closed so the king feels very comfortable on f2.} (9. Be3
O-O 10. Nc1 cxd4 11. cxd4 Nb6 12. b3 a5 13. Be2 a4 14. Nd3 Bd7 15. Kf2 Be8 16.
Qd2 $14 {Piket,J-Hoeksema,H/Leeuwarden 1992}) (9. Ng3 cxd4 10. cxd4 O-O 11. Be2
Qb6 12. O-O g5 13. fxg5 Ndxe5 14. Nxe5 Nxe5 15. Be3 Ng6 16. Qd2 Bd7 17. Nh5 $14
{Enevoldsen,J-Gilfer,E/Helsinki 1952}) (9. a3 a5 10. h4 Nb6 11. dxc5 Bxc5 12.
Ned4 Nxd4 13. cxd4 Be7 14. Bb5+ Bd7 15. Qe2 Na4 $13 {Spence,D-Cobb,C/London
2000}) 9... b5 (9... b6 10. h3 cxd4 11. Nexd4 Nxd4 12. cxd4 O-O 13. Bd2 Bb7 14.
Qa4 a6 15. Bb4 b5 16. Qa3 Re8 17. Rc1 Nb6 18. b3 Bxb4 19. Qxb4 $16 {Maric,
R-Leban,S/Cateske Toplice 1968}) 10. Rg1 {[%cal Gg2g4]} b4 11. g4 g6 (11...
fxg4 $5 12. Rxg4 O-O 13. Bh3 (13. Ng3 Qb6 14. Kg2 bxc3 15. bxc3 Ba6) 13... Qe8
14. Qg1 Qf7 15. Ng5 Bxg5 16. Rxg5 Ba6 17. Be3 $36) 12. gxf5 exf5 13. Be3 $6 {
Too solid in my opinion. More in the spirit of the position was to open up a
center} (13. dxc5 bxc3 14. bxc3 Nxc5 15. Kg2 Ne4 16. Ned4 Nxd4 17. Nxd4 $14 {
and despite of his fantastic knight on e4 black faces serious problems.}) 13...
c4 14. Rg3 Rb8 15. Bg2 Nf8 16. Qh1 $5 {[%cal Gh1d5,Gh2h5] Cunning move putting
some pressure on d5.} (16. h4 $5) 16... bxc3 17. bxc3 Ba3 18. Bc1 {For some
reason white doesn't want to push his h-pawn, even though it appears to be the
most natural plan.} (18. Ng5 $1 Ne7 19. h4 h5 (19... h6 $2 {[%csl Rg6]} 20. Nf3
Qa5 21. h5 Bb2 22. Rg1 $16) 20. Rb1 Rb6 21. Rxb6 axb6 22. Bc1 Bxc1 23. Qxc1 $14
) 18... Bxc1 19. Qxc1 Qa5 20. Ne1 (20. h4 $5 Ne7 21. h5 Ne6 22. Rh3 $14) 20...
Ne7 21. Nc2 Ne6 22. Bf3 Kf7 23. Rg1 {The rook has nothing much to do on g3, so
white brings it to g1 in order to fight for the control over the b-file.} (23.
Qa3 Qxa3 24. Nxa3 Rb2 25. Ke3 Bd7 26. Rgg1 Rhb8 $11 {[%csl Ra3]}) 23... Qa4 $5
24. Ne3 Bb7 25. Qf1 $1 {[%cal Gf1h3,Gh3h4,Gh4f6]} Ba8 26. Qh3 {[%cal Gh3h4]}
Ke8 27. Rgb1 Rxb1 28. Rxb1 Kd7 29. Qf1 $6 {Losing a thread. The most logical
continuation of white's plan would be} (29. Rb2 $1 Qa3 30. Rd2 Bc6 31. Qh4 $1
$16 {[%cal Ge3c4] and it's very difficult to find a usefull move for black!})
29... Kc7 30. Rb4 $2 (30. Rb2 Rb8 31. Qb1 Rxb2 32. Qxb2 $14) 30... Qxa2 $1 31.
Qd1 Bc6 $1 {[%csl Ga4]} 32. Qc1 $2 (32. Kg1 Rb8 33. Rxb8 Kxb8 34. Qe1 $15)
32... Kd7 $2 (32... Nxf4 $19) 33. Rb1 $6 (33. Kg1) 33... Qa5 $6 (33... Nxf4 $17
) 34. Ra1 $44 Qc7 35. Ra6 Rb8 36. Qa1 Rb7 37. Qh1 Rb2 38. Qa1 (38. Nxd5 $2
Rxe2+ 39. Kxe2 Bxd5 40. Bxd5 Nxf4+ $19) 38... Nxf4 39. Rxa7 Rb7 40. Ra5 (40.
Rxb7 Nd3+ 41. Kg3 Qxb7 42. Qa3 g5 43. Qd6+ Kc8 $17) 40... Nxe2 41. Kxe2 Rb2+
42. Qxb2 Qxa5 43. Qb8 $6 (43. h4 $132) 43... Qxc3 44. Qd6+ Ke8 45. e6 Qb2+ 46.
Kf1 c3 $6 (46... Kf8 47. Nxd5 Qc1+ 48. Kg2 Qd2+ $11) (46... Qb7 $1 {[%csl Gd5,
Ge7]} 47. Qe5 Kd8 48. Kg2 Qb4 $17 {[%cal Gd8c8,Gc4c3]}) 47. Qe5 {[%cal Ge5h8]}
Kd8 48. Qd6+ Ke8 49. Qe5 Kd8 50. Qd6+ Ke8 51. Qe5 1/2-1/2

[Event "FRA-chT Gp-A"]
[Site "France"]
[Date "2003.04.06"]
[Round "7.2"]
[White "Afek, Yochanan"]
[Black "Bauer, Christian"]
[Result "0-1"]
[WhiteElo "2386"]
[BlackElo "2579"]
[Annotator "Finkel,A"]
[PlyCount "88"]
[EventDate "2003.01.31"]
[EventType "team"]
[EventRounds "7"]
[EventCountry "FRA"]
[SourceTitle "CBM 095"]
[Source "ChessBase"]
[SourceDate "2003.07.25"]
[SourceVersion "1"]
[SourceVersionDate "2003.07.25"]
[SourceQuality "1"]
[WhiteTeam "Noyon"]
[BlackTeam "Clichy"]
[WhiteTeamCountry "FRA"]
[BlackTeamCountry "FRA"]

1. e4 Nf6 2. Nc3 d5 3. e5 Nfd7 4. d4 e6 5. Nce2 c5 6. c3 Nc6 7. Nf3 Qb6 8. a3
Be7 9. Nf4 $6 {Permitting black to win a pawn on d4 without any compensation.}
(9. g3 f6 10. exf6 Bxf6 11. Bg2 cxd4 12. cxd4 O-O 13. O-O a5 14. Rb1 a4 15. Be3
Qd8 16. Nf4 $14 {Farago,S-Blauert,J/Budapest 1997}) 9... cxd4 10. cxd4 g5 $1 {
[%csl Rd4] Typical idea for this structure. white is trying to get some
counterplay on the kingside, but 2 knights are just not enough to create
anything special.} (10... O-O 11. Bd3 Re8 12. b4 Nf8 13. h4 f6 14. exf6 Bxf6
15. Be3 Qc7 16. Rc1 Qf7 17. Ng5 Bxg5 18. hxg5 g6 19. Bb5 $14 {Philipowski,
R-Kuerten,J/Sulzfeld 1999}) 11. Nh5 (11. Ne2 g4 12. Nfg1 f6 $17) 11... g4 12.
Ng5 (12. Ng7+ Kf8 13. Bh6 gxf3 $1 (13... Kg8 14. Nh5 f5 $1 15. exf6 (15. Nf4 $2
Kf7 16. b4 gxf3 17. Qxf3 Nf8 18. Qh5+ Ng6 $19 {Ask,J-Hiebel,J/Gothenburg 1997})
15... Nxf6 16. Ne5 Qxd4 17. Qxd4 Nxd4 18. O-O-O Nf5 19. Nxf6+ Bxf6 20. Nxg4 $13
) 14. Qxf3 Qxb2 15. Nxe6+ Ke8 16. Ng7+ Kd8 $19) 12... Rg8 $1 $17 {Very strong
move preventing Ng7 ideas.} (12... Qxd4 $4 13. Ng7+ Kf8 14. N7xe6+ $18) (12...
Nxd4 13. Qxd4 Qxd4 14. Ng7+ Kf8 15. N7xe6+ fxe6 16. Nxe6+ Kf7 17. Nxd4 Nxe5 $13
) 13. Nxh7 Qxd4 14. N7f6+ ({Even worse is} 14. Qxd4 Nxd4 15. Rb1 Rh8 16. N7f6+
Kd8 17. Nxd7 $140 Rxh5 $1 $19 {and white knight is trapped on d7.}) 14... Bxf6
15. Nxf6+ Nxf6 16. exf6 Qxf6 17. Bb5 $6 ({More chances of survival would leave
} 17. h4 $5 gxh3 18. Rxh3 d4 $17) 17... Bd7 18. Bxc6 Bxc6 19. O-O d4 $1 {
Opposite colored bishops don't help white since there are major pieces left on
the board, so black's attack is even more dangerous.} 20. Re1 O-O-O 21. Qd3 e5
22. Qg3 Rde8 23. Bd2 Qd6 $1 $19 {[%cal Gd6d5,Gf7f6] Stablizing position in the
center and bringing the queen to d5.} 24. Bb4 Qd5 25. Rac1 f6 26. Rc5 Qd7 27.
Rec1 Kb8 $1 {[%cal Ge8c8,Gb7b6,Gd7d5] Black's plan is to play Rc8, b6 and Qd5.
once this plan is accomplished the game is actually over since white queen has
to guard g2.} 28. Bd2 Rc8 29. b4 b6 30. R5c4 Kb7 31. R4c2 Qe6 32. Re1 Qd5 33.
Bc1 Bb5 34. Rxc8 Kxc8 35. Bd2 Kb7 36. Bh6 Bc6 37. Kh1 Re8 $1 {[%cal Gf6f4]
Prepring an advance of an e-pawn.} 38. b5 Bxb5 39. Qxg4 Rg8 40. Qf3 (40. Qh3
Bc6 41. f3) 40... Qxf3 41. gxf3 Bc6 42. h4 Rh8 43. Bd2 Rxh4+ 44. Kg2 Rg4+ 0-1

[Event "RUS-Cup03 Geller Memorial"]
[Site "Moscow"]
[Date "1999.02.09"]
[Round "8"]
[White "Kozlov, Vladimir N"]
[Black "Matveeva, Svetlana"]
[Result "0-1"]
[WhiteElo "2327"]
[BlackElo "2405"]
[Annotator "Finkel,A"]
[PlyCount "92"]
[EventDate "1999.02.10"]
[EventType "swiss"]
[EventRounds "9"]
[EventCountry "RUS"]
[SourceTitle "CBM 070"]
[Source "ChessBase"]
[SourceDate "1999.06.08"]
[SourceVersion "1"]
[SourceVersionDate "1999.06.08"]
[SourceQuality "1"]

1. e4 e6 2. d4 d5 3. Nc3 Nf6 4. e5 Nfd7 5. Nce2 c5 6. c3 cxd4 7. cxd4 f6 (7...
Bb4+ 8. Bd2 Qb6 (8... Bxd2+ $6 9. Qxd2 f6 10. f4 O-O 11. Nf3 Nc6 12. Rd1 b6 13.
Nc3 $14 {Finkel,A-Nardin,F/Nova Gorica op 1997 (32)}) 9. Nf3 Nc6 10. g3 f6 11.
Bh3 $6 fxe5 12. Bxe6 e4 $15 {Meijere,A-Matveeva,S/Erevan olw 1996 (32)}) 8. f4
(8. Nf4 $5 Bb4+ 9. Bd2 Bxd2+ 10. Qxd2 Qe7 11. exf6 Nxf6 12. Bd3 Nc6 13. Nge2
O-O 14. O-O $14 {Sax,G-Glek,I/BL9293 1993 (37)}) 8... Bb4+ (8... fxe5 9. dxe5
Nc6 10. Nf3 Bb4+ 11. Nc3 Nc5 12. Be3 Qa5 13. Qc2 O-O 14. Rc1 d4 $1 $13 {
Shirov,A-Ivanchuk,V/Tilburg 1993/1/2-1/2 (88)}) 9. Bd2 Qb6 (9... Qe7 10. Nf3
O-O 11. h4 Nc6 12. h5 Bxd2+ 13. Qxd2 Nb6 14. b3 a5 15. h6 $14 {Fogarasi,
T-Dezan,P/Utasellato IM-A 1990 (37)}) 10. Bxb4 Qxb4+ 11. Qd2 Nc6 (11... Qxd2+
12. Kxd2 Nb6 13. b3 Nc6 14. Nf3 a5 15. Nc3 a4 16. Bb5 axb3 17. axb3 $14) 12.
Nf3 fxe5 13. fxe5 Qxd2+ 14. Kxd2 {The arising endgame is slightly better for
white due to advantage in space and better bishop,but white has to play
accurately not to waste it.} Nb6 15. Nc3 a6 $6 ({Deserved attention} 15... Nc4+
$5 16. Bxc4 dxc4 17. Nb5 (17. Rac1 O-O $5 (17... Bd7 18. Ne4 b5 19. Nd6+ Ke7
20. b3 $14 (20. Nxb5 Rab8 $13)) 18. Nb5 a6 19. Nc7 Rb8 20. Rxc4 Bd7 $1 21. d5
exd5 22. Rc5 Bg4 $11) 17... O-O 18. Rhc1 Bd7 19. Nd6 b5 20. b3 $14 {with
minimal advantage.}) 16. Bd3 (16. b3 Bd7 (16... g5 17. h3 h6 18. Bd3 Rf8 19.
Raf1 Bd7 20. Ke3 $14) 17. Bd3 O-O 18. Rac1 Be8 19. Ke3 $14) 16... Bd7 17. Raf1
O-O 18. h4 $6 {Aimless move.White doesn't have a clear plan and it's very
dangerous in this type of positions.} (18. b3 $5 $14) 18... Nb4 19. Be2 ({
Better was} 19. b3 $5 Nxd3 20. Kxd3 Bb5+ $5 21. Nxb5 axb5 {[%csl Ra2]} 22. Rf2
Rfc8 23. Rhf1 b4 24. Ke3 Rc3+ 25. Kf4 h6 $1 $132 {with mutual chanses.}) 19...
Nc4+ 20. Bxc4 (20. Kc1 Ne3 21. Rf2 Rac8 22. Kd2 Nc4+ $15) 20... dxc4 $15 {
Now we can evaluate the consequances of 18th move of white:black siezed the
initiative and now white is on defensive.} 21. Ng5 h6 22. Nge4 Bc6 23. a3 Nd5
$1 (23... Nd3 $6 {[%csl Rd3]} 24. b3 b5 25. Rxf8+ (25. g3 $6 Rfd8 $1 26. Ke3 b4
$1 27. axb4 Nxb4 28. bxc4 Nc2+ $17) 25... Rxf8 26. bxc4 bxc4 27. Rb1 Rf4 28.
Ke3 Rxh4 29. g3 Rh2 30. Rb6 $13 {[%cal Gb6a6,Gb6c6]}) 24. Nxd5 Bxd5 25. Ke3 b5
26. g3 a5 27. Rf4 b4 28. Ra1 $1 Rfb8 29. Rf2 (29. Nc5 $5) 29... Rb6 30. Nc5 $6
{Now this moves prove to be a mistake.After correct} (30. axb4 $1 Rxb4 (30...
axb4 31. Rxa8+ Bxa8 32. Rc2 Bd5 33. Nd6 Rc6 34. Kd2 $11) 31. Nc3 (31. Nc5 Rab8
32. Rxa5 Rxb2 33. Rxb2 Rxb2 $15) 31... Bc6 32. g4 a4 33. g5 hxg5 34. hxg5 Rab8
35. Ra2 Rb3 $15 {white has good chanses to save the game.}) 30... Rbb8 31. g4
Rf8 $1 $17 {Changing the pair of rooks is correct idea.} 32. Raf1 (32. axb4
Rxf2 33. Kxf2 Rf8+ 34. Ke3 axb4 35. Ra4 Rf3+ 36. Ke2 Rf4 $17) 32... Rxf2 33.
Rxf2 bxa3 $1 34. bxa3 {[%csl Ra3]} Rb8 35. g5 (35. Rc2 Rb1 36. a4 (36. h5 Rg1
37. Kf4 Rf1+ 38. Ke3 Rf3+ 39. Kd2 Rxa3 $19) 36... h5 $1 {[%csl Rh4]} 37. gxh5
Rh1 38. h6 gxh6 39. Nd7 Rh3+ $1 40. Kd2 Rxh4 $19) 35... hxg5 36. hxg5 Rb1 {
Now white has two weaknesses:on a3 and on g5 and has no possibility to protect
both of them!} 37. a4 Rg1 38. Kf4 Kf7 39. Nd7 $6 Rd1 $1 $19 40. Kg4+ Ke7 (40...
Kg6 $4 41. Nf8#) 41. Nb6 Rxd4+ 42. Kh5 Be4 43. g6 Bf5 44. Nc8+ Kd7 45. Nd6 c3
46. Nxf5 exf5 0-1

[Event "Bundesliga 0405"]
[Site "Germany"]
[Date "2004.12.12"]
[Round "6.4"]
[White "Berndt, Stephan"]
[Black "Braun, Arik"]
[Result "1/2-1/2"]
[WhiteElo "2438"]
[BlackElo "2480"]
[Annotator "Finkel,A"]
[PlyCount "86"]
[EventDate "2004.11.12"]
[EventType "team-tourn"]
[EventRounds "15"]
[EventCountry "GER"]
[SourceTitle "CBM 105"]
[Source "ChessBase"]
[SourceDate "2005.04.11"]
[SourceVersion "1"]
[SourceVersionDate "2005.04.11"]
[SourceQuality "1"]
[WhiteTeam "Neukoelln"]
[BlackTeam "Eppingen"]
[WhiteTeamCountry "GER"]
[BlackTeamCountry "GER"]

1. e4 e6 2. d4 d5 3. Nc3 Nf6 4. e5 Nfd7 5. f4 c5 6. Nf3 Nc6 7. Be3 a6 8. Qd2 b5
9. dxc5 Bxc5 10. Bxc5 Nxc5 11. Qf2 Qb6 12. Bd3 b4 13. Ne2 a5 14. O-O g6 {
There was no reason to hurry up with this move since white wasn't threatening
to push f5, but may be it's not such a bad idea after all.} (14... Ba6 15. Kh1
(15. Rfd1 O-O 16. Rac1 Na4 17. Qxb6 Nxb6 18. b3 Rfc8 19. Nfd4 Nxd4 20. Nxd4 g6
$11 {Tseshkovsky,V-Skorchenko,D/Krasnodar 2003}) (15. Rad1 Na4 16. Qxb6 Nxb6
17. b3 Ke7 18. Ned4 Nxd4 19. Nxd4 Rhc8 $11 {Meszaros,T-Farago,I/Balatonlelle
2004}) 15... h6 (15... Ne7 16. b3 h6 17. Rad1 Rb8 18. Bxa6 Nxa6 19. Nfd4 Nc5
20. f5 Ne4 21. Qf3 O-O 22. Nf4 Nc6 $132 {Berndt,S-Glek,I/Germany 2003}) 16.
Rad1 O-O 17. f5 exf5 18. Nf4 Na4 19. Qg3 Ne7 20. Nh4 Nxb2 $17 {Mainka,R-Lalic,
B/Bad Mergentheim 1988}) 15. b3 (15. Rfe1 Ba6 16. Rad1 Bxd3 17. cxd3 Rb8 18.
Rd2 b3 19. a3 Na4 20. Rc1 Qxf2+ 21. Kxf2 Kd7 $11 {Mende,A-Kosak,R/Germany 1997}
) 15... Ba6 16. Rad1 a4 17. Kh1 h5 {Teasing white to push f5.} (17... O-O $5
18. Qh4 (18. f5 $6 Bxd3 19. cxd3 exf5 20. Nf4 Rfd8 21. Qh4 axb3 22. axb3 Ne6 (
22... Nxb3 $2 23. Qh6 $16 {[%cal Gf3g5]}) 23. Nxe6 fxe6 24. Ng5 Rd7 $15) 18...
axb3 19. axb3 Bxd3 20. cxd3 Nxb3 21. Ng5 (21. Ng3 Qc7 22. Nh5 gxh5 23. Qg5+ Kh8
24. Qf6+ Kg8 $11) 21... h5 22. g4 Nbd4 23. gxh5 Nf5 24. Qh3 Kg7 $132) 18. f5 $2
{Intending to get to black king, which is left in the center. However white's
attack is no more than illusion.} gxf5 (18... Bxd3 19. cxd3 gxf5 20. Nf4 h4 21.
Rc1 Ra5 22. Rc2 h3 23. g3 Nd8 24. Rfc1 Nd7 25. d4 $14) 19. Nf4 h4 $5 20. Nxh4 {
Having in mind the sacrifice on d5.} (20. Rde1 $5) 20... Nxe5 21. Nxd5 $5 exd5
(21... Nexd3 $2 22. Qd4 $1 e5 23. Nxb6 exd4 24. Nxa8 $18) 22. Rfe1 Qc7 {
[%cal Gc5e4]} 23. Bxf5 (23. Qd4 Ne4 24. Nxf5 Rxh2+ $5 25. Kg1 Bxd3 26. cxd3
axb3 $1 {[%csl Rg1][%cal Ga8a2]} 27. Qxd5 Rxa2 28. Qxe4 Rhxg2+ 29. Qxg2 Rxg2+
30. Kxg2 Qc6+ $19) 23... Bb7 {White's attack over an e-file is easily
suppressed by black due to control over the very important e4 square.} 24. Qf4
Ne4 25. Bxe4 dxe4 26. Nf5 Kf8 27. Rd4 (27. Nd6 Ng6 28. Qf6 Kg8 29. Re3 Rh7 $19)
27... Re8 28. Red1 {White has no immediate threats so he jus keeps on playing
pretending that nothing happened!} Bc8 $6 {Hoping to get rid of the annoying
knight on f5, but white is on guard.} (28... Ba8 $5 29. Nd6 Re6 30. Nf5 $17)
29. Ne3 $1 Qe7 30. Rxe4 Bb7 $2 (30... Ng6 31. Rxe7 Nxf4 32. Rxe8+ Kxe8 33. Rd4
Ne6 34. Rxb4 axb3 35. cxb3 Rh5 $15) 31. Nf5 $44 Qc5 32. Rxe5 $1 Rxe5 (32...
Qxe5 33. Qxb4+ Kg8 34. Qg4+ Kf8 35. Qb4+ $11) 33. Rd8+ $2 {Either being very
optimistic or just missing the chance to force a draw after} (33. Qg5 $1 Bxg2+
34. Qxg2 Rxf5 35. Rd8+ Ke7 36. Rxh8 Rg5 37. Qb7+ Kf6 38. Qa6+ $11) 33... Re8
34. Rxe8+ Kxe8 35. Nd6+ Kd7 36. Nxb7 Qd5 $1 {[%csl Rb7]} 37. h4 $8 Re8 $6 (
37... axb3 38. axb3 Ra8 $1 {[%csl Rb7]} (38... Rg8 $6 39. Nc5+ $1 Kc6 (39...
Qxc5 40. Qxf7+ Qe7 41. Qxg8 Qxh4+ $11) 40. Ne4 f5 41. Ng5 Qd1+ 42. Kh2 Qd6 43.
Kg3 $13) 39. Kh2 Ra7 $1 (39... Qxb7 40. Qxf7+ Kc6 41. Qc4+ Kd6 42. Qd4+ Ke6 43.
Qe3+ Kf7 44. Qf4+ Kg8 45. Qg5+ $11) 40. Qg4+ (40. Nd8 Qd6 $19) 40... f5 41.
Qg7+ Kc8 42. Qf6 Kxb7 43. Qe7+ Ka6 $19) 38. Qxb4 Kc7 $6 (38... Re5 $1 {[%csl
Rb7]} 39. Qxa4+ (39. Qb6 $2 Re1+ 40. Kh2 Qe5+ $19) 39... Kc7 40. Kh2 Kxb7 41.
Qb4+ Kc8 $17) 39. Nc5 Qd1+ 40. Kh2 Qd6+ 41. Kg1 $6 (41. g3 $1 Re2+ 42. Kh3 $16)
41... Qd1+ 42. Kh2 Qd6+ 43. Kg1 (43. g3) 43... Qd1+ 1/2-1/2